| 000 | 00444nam a2200145Ia 4500 | ||
|---|---|---|---|
| 008 | 140724s9999 xx 000 0 und d | ||
| 050 |
_aG 155.A1 _b.Ec18 2013 |
||
| 100 | _aEchauz, Jamelyn Mejilende S. | ||
| 245 |
_aPassfolio / _cJamelyn Mejilende S. Echauz. |
||
| 260 |
_aLas PiƱas, Philippines : _bSouthville International School and Colleges, _cc2013. |
||
| 300 |
_a33 p. : _c28 cm. |
||
| 521 | _aTourism | ||
| 942 | _cTH | ||
| 999 |
_c229098 _d229098 |
||